LEADER 01042nam--2200361---450- 001 990003127460203316 005 20080714101409.0 035 $a000312746 035 $aUSA01000312746 035 $a(ALEPH)000312746USA01 035 $a000312746 100 $a20080714d1968----km-y0itay50------ba 101 $aita 102 $aIT 105 $a||||||||001yy 200 1 $aBonizone di Sutri e il suo Liber ad Amicum$ericerche sull'età gregoriana$fLudovico Gatto 210 $aPescara$cTrimestre$dc1968 215 $a160 p.$d24 cm. 225 2 $aCollana di saggi e ricerche$v2 410 0$12001$aCollana di saggi e ricerche 454 1$12001 461 1$1001-------$12001 600 1$aBonizone : di Sutri 676 $a270.4 700 1$aGATTO,$bLudovico$0134019 801 0$aIT$bsalbc$gISBD 912 $a990003127460203316 951 $aFC M 1103$bDLM$cFC M 959 $aBK 969 $aDILAM 979 $aDILAM$b90$c20080714$lUSA01$h1014 996 $aBonizone di Sutri e il suo Liber ad Amicum$91017212 997 $aUNISA LEADER 01948nas 2200601-a 450 001 9910895756103321 005 20260218112458.0 035 $a(DE-599)ZDB2508517-7 035 $a(CKB)110978976777461 035 $a(CONSER)---51035060- 035 $a(DE-599)2508517-7 035 $a(EXLCZ)99110978976777461 100 $a20760620a19269999 -a- b 101 0 $aita 181 $ctxt$2rdacontent 182 $cc$2rdamedia 183 $acr$2rdacarrier 200 10$aBollettino mensile di statistica 210 $a[Roma] $cRepubblica italiana, Istituto centrale di statistica$d[1926- 215 $a1 online resource 311 08$aPrint version: Bollettino mensile di statistica (Rome, Italy) 0021-3136 (DLC) 51035060 (OCoLC)2262820 531 0 $aBoll. mens. stat.- Ist. cent. stat. 606 $aDEMOGRAPHIC STATISTICS$2unbist 606 $aECONOMIC STATISTICS$2unbist 606 $aSOCIAL STATISTICS$2unbist 606 $aINDUSTRIAL STATISTICS$2unbist 606 $aFINANCIAL STATISTICS$2unbist 606 $aITALY$2unbist 607 $aItaly$vStatistics$vPeriodicals 607 $aItaly 607 $aItaly$2fast$1https://id.oclc.org/worldcat/entity/E39PBJvd8mVMcRhwVmbtcqCPcP 608 $aStatistics. 608 $aPeriodical. 608 $aPeriodicals.$2fast 608 $aStatistics.$2fast 608 $aPeriodicals.$2lcgft 608 $aStatistics.$2lcgft 615 17$aDEMOGRAPHIC STATISTICS. 615 17$aECONOMIC STATISTICS. 615 17$aSOCIAL STATISTICS. 615 17$aINDUSTRIAL STATISTICS. 615 17$aFINANCIAL STATISTICS. 615 17$aITALY. 676 $a314.5 712 02$aIstituto centrale di statistica (Italy) 712 02$aIstituto nazionale di statistica (Italy) 712 02$aItaly. 712 02$aItaly. 906 $aJOURNAL 912 $a9910895756103321 920 $aexl_impl conversion 996 $aBollettino mensile di statistica$9252181 997 $aUNINA